Normal view MARC view
  • Jordá, María J.

Entry Nombre Personal

Number of records used in: 4

001 - NUMERO DE CONTROL

  • campo de control: 36324

003 - IDENTIFICADOR DE NUMERO DE CONTROL

  • campo de control: UPN

005 - FECHA Y HORA DE LA ÜLTIMA TRANSACCIÓN

  • campo de control: 20210219194513.0

008 - DATOS DE LONGITUD FIJA

  • campo de control de longitud fija: nabaccnnaabn|||||||||| b |nc|||||d

035 ## - NUMERO DE CONTROL

  • Número de control: UPN11000008431

040 ## - FUENTE DE CATALOGACIÓN

  • Lenguaje de catalogación: SPA
  • Agencia de transcripción: UPN

100 1# - ENCABEZAMIENTO - NOMBRE PERSONAL

  • Nombre personal: Jordá, María J.

670 ## - FUENTE EN LA QUE SE LOCALIZARON DATOS

  • Cita de la fuente: T
  • Uniform Resource Identifier: http://oceano.mx/ficha-autor.aspx?id=1200

680 ## - NOTA PUBLICA DE ACCESO PÚBLICO

  • Frase explicativa de la referencia: Licenciada en Historia y Geografía por la Universidad de París. Toda su obra se enfoca en difundir, entre los jóvenes lectores, pasajes de la historia y biografías de personajes. Desde hace años se propuso demostrar que es posible acercar a los menores a las obras de los más destacados artistas de la humanidad, al compartir con ellos el análisis de sus obras y fragmentos de sus biografías.

902 ## - CATALOGADOR

  • Catalogador: MITM/200115